Регионална библиотека "Любен Каравелов" - Русе

Песента на гаргите (Запис номер 16079)

MARC детайли
000 -Лидер
Контролно поле с фиксирана дължина 00953nam a2200301 c 4500
003 - Код на организацията, давaща контролен номер
Контролно поле BLK
005 - Дата и час на последна редакция
Контролно поле 20180422094731.0
008 - Елементи от данни с фиксирана дължина
fixed length control field 180413b bul|||||r ||||||| ||bul||
010 ## - Наследен системен номер
LC control number KNG00017907000
020 ## - Международен стандартен номер на книга ISBN
Международен стандартен номер на книга ISBN 954-8028-37-9
-- издат.: Сибия
040 ## - Източник на каталожния запис
Идентификатор на билиотеката - собственик на записа BLK
041 ## - Код за език
Код за езика на текст/звукозапис или на отделно заглавие Български
Код за езика КДБФ Български
080 ## - УДК
Текстов определител УДК Българска литература
УДК код - определител по УДК 821.163.2
УДК определител -31
УДК - код + определител 821.163.2-31
100 1# - Редна дума - Автор
Автор Попов, Иван
Авторска отговорност първи автор
R(LIN) 364578
139 ## - Редно поле
Редна дума Попов, Иван
Авторски знак Попов - П 76
245 10 - Сведения за заглавието
Заглавие Песента на гаргите
Подзаглавни данни Роман
Редно поле (дума) Иван Попов.
257 ## - Страна на издаване
Страна на създаване/издаване България
260 ## - Област на издателските данни
-- София
Име на издателя, разпространителя и проч. Сибия
Година на издаване 1997
300 ## - Физическа характеристика
Страници 128 с.
Размери/Мащаб 21 см
380 ## - Жанр
Жанр Худож. лит.
490 1# - СЕРИИ (Колекции)
Име на серия Библиотека Нови български романи
500 ## - Общи забележки
Забележка 500 тир.
852 ## - Местоположение
Форматна сигнатура Цб 193104
856 4# - Електронен адрес и достъп
Електронен формат pdf - файл
Път до файла /url/
856 4# - Електронен адрес и достъп
Електронен формат pdf - файл
Път до файла /url/
942 ## - АРТИКУЛИ
Вид на библиотечния материал Книги
Скрит в OPAC Не
944 ## - СЪЗДАВАНЕ И РЕДАКЦИЯ на ЗАПИСА
Създаване/Редакция Създаване
Дата на регистрацията/редакция 15.01.2003
Служител, извършил регистрацията/редакцията AB_DOS
944 ## - СЪЗДАВАНЕ И РЕДАКЦИЯ на ЗАПИСА
Създаване/Редакция Редакция
Дата на регистрацията/редакция 21.12.2016
Служител, извършил регистрацията/редакцията Ивелин_Попов
999 ## - СИСТЕМНИ КОНТРОЛНИ НОМЕРА
Koha biblionumber 16079
Koha biblioitemnumber 16079
Наличности
Код за отписване Код за изгубен артикул Източник на класификационната схема Код за повреда Коз за рестрикции Код за отдаване Артикулен № Име на библиотеката - собственик Име на библиотеката, в която се намира в момента Статус (Текущо местоположение) Дата на вписване в системата Местоположение - отдел Цена в лева Инвентарен номер Систематично азбучна сигнатура Баркод Номер на екземпляра Цена в евро Служебен тип на артикула
  Не е изгубен Universal Decimal Classification Не е повреден без рестрикции ползва се в читалня 27172 Регионална библиотека "Любен Каравелов" Русе Регионална библиотека "Любен Каравелов" Русе Хранилище 2001-01-01 Хранилище 0.00 633085 Цб 193104 120000633085 1 0.00 Книги
Vip Innovations Ltd, Rousse, Bulgaria 2025